Beliebteste Jungsnamen 2023 - Sudden Death - Statistiken

Allgemein
  • Dieses Quiz wurde 901 mal gespielt
  • Das Durchschnittsergebnis liegt bei 3 aus 10
Answers on the Grid
Answers color-coded by a green-red scale on the quiz's grid according to % correct below.
Noah
Matteo
Elias
Leon
Paul
Theo
Luca
Finn
Liam
Emil
Leo
Henri
Louis
Ben
Felix
Jonas
Lukas
Jakob
Anton
Levi
 
Antwortstatistiken
Antwort % Korrekt
Noah
43%
Elias
29%
Finn
26%
Leon
26%
Luca
26%
Matteo
25%
Emil
23%
Paul
23%
Liam
22%
Theo
13%
Keine übereinstimmenden Quizze gefunden
Verteilung der Resultate
Anzahl Personen mit jedem Resultat
Perzentil nach korrekt beantworteten Fragen
Ihre Resultats-Entwicklung
Sie haben dieses Quiz noch nicht gespielt